000 00347nam a2200145Ia 4500
008 240729s9999 xx 000 0 und d
022 _a2673-6357
245 0 _aHemato
260 _aSwitzerland
260 _bMDPI AG
650 _aMedicine
856 _uhttps://doaj.org/toc/83f9f4e7d23d45469214ee63201343b1
942 _2ddc
942 _cDOAJEJ
999 _c71825
_d71825
945 _a1
_bMadushi Gamage
_c1
_dMadushi Gamage